000 00494nam a2200157 a 4500
005 20140412111316.0
008 010323s19uu xx 00 eng d
050 _aER
_bTr784 1994
100 _aPrice, Leo
245 _aThe three that always said no! /
_cwritten and illustrated by Leo Price.
260 _aManila, Philippines :
_bDaughters of St. Paul,
_c1994.
300 _a1 v. (unp.) ; ill.
650 _aTrees stories, Filipino
650 _aChildren stories, Filipino
999 _c104219
_d104219